Academic skills ACS 101 : (Record no. 3964)

MARC details
000 -LEADER
fixed length control field 00570cam a2200181 4500
001 - CONTROL NUMBER
control field 4778
005 - DATE AND TIME OF LATEST TRANSACTION
control field 20230821154154.0
008 - FIXED-LENGTH DATA ELEMENTS--GENERAL INFORMATION
fixed length control field 110509s2010 xna b 000 0 eng d
010 ## - LIBRARY OF CONGRESS CONTROL NUMBER
LC control number 2011381660
245 14 - TITLE STATEMENT
Title Academic skills ACS 101 :
Remainder of title Student Materials.
260 ## - PUBLICATION, DISTRIBUTION, ETC.
Place of publication, distribution, etc. [Thimphu] :
Name of publisher, distributor, etc. Royal Thimphu College,
Date of publication, distribution, etc. [2013].[2019]
500 ## - GENERAL NOTE
General note Xerographic copy in a binder.
520 ## - SUMMARY, ETC.
Summary, etc. Bachelor of arts : Academic Skills.
650 #0 - SUBJECT ADDED ENTRY--TOPICAL TERM
Topical term or geographic name entry element College student development programs.
Topical term or geographic name entry element Counseling in higher education.
Topical term or geographic name entry element Faculty advisors.
942 ## - ADDED ENTRY ELEMENTS (KOHA)
Source of classification or shelving scheme Dewey Decimal Classification
Koha item type Main
Holdings
Withdrawn status Lost status Source of classification or shelving scheme Damaged status Not for loan Collection code Home library Current library Shelving location Date acquired Serial Enumeration / chronology Inventory number Total Checkouts Full call number Barcode Date last seen Date last checked out Price effective from Koha item type Total Renewals Copy number
    Dewey Decimal Classification     Fac res RTC Library RTC Library Faculty reserve 23/12/2021 7540 2 428.24 ACA 30007682 09/08/2024 26/07/2024 27/11/2018 Faculty Reserve    
    Dewey Decimal Classification     Fac res RTC Library RTC Library Faculty reserve 23/12/2021 8609 4 428.24 ACA 30008806 31/10/2022 28/10/2022 27/11/2018 Faculty Reserve 2 2
    Dewey Decimal Classification     CE Textbook RTC Library RTC Library CE Textbook 21/08/2023 177843     428.24 ACA c.8 30018049 21/08/2023   21/08/2023 CE Textbook    
Royal Thimphu College || All Right Reserved